000
003160000a22001450004500
003
MACL
040
_a
MACL
090
_c
8743
_d
8742
100
_a
Rajsekher, T
245
_a
Investigative Journalism
260
_b
Sonali Publications
_c
2007
350
_a
700
650
_a
News Media, Journalism
942
_c
BOOK
_k
070
999
_c
8688
_d
8688